| 000 | 00340nam a2200145Ia 4500 | ||
|---|---|---|---|
| 008 | 230917s9999||||xx |||||||||||||| ||und|| | ||
| 040 |
_e203767 _aMAIN |
||
| 041 | _aEnglish | ||
| 082 | _a869.3 C65F | ||
| 100 | _aCoelho, Paulo | ||
| 245 | 0 | _aFifth mountain | |
| 260 |
_aNoida _bHarper Collins _c2003 |
||
| 300 | _ax, 245 p. | ||
| 942 | _cBK | ||
| 999 |
_c174064 _d174064 |
||